Análisis de escenarios de abastecimiento en el acueducto de Las Juntas de Abangares mediante un modelo hidráulico de la red de distribución
Gespeichert in:
| 1. Verfasser: | |
|---|---|
| Weitere Verfasser: | |
| Format: | Buch |
| Sprache: | Spanish |
| Veröffentlicht: |
[San José], Costa Rica
2021.
|
| Schlagworte: | |
| Tags: |
Tag hinzufügen
Keine Tags, Fügen Sie den ersten Tag hinzu!
|
MARC
| LEADER | 00000nam a2200000Ia 4500 | ||
|---|---|---|---|
| 003 | 013228 | ||
| 005 | 20230315074338.0 | ||
| 008 | 140116s2021 cr a 000 ||spa d | ||
| 040 | |c cru CEDI | ||
| 100 | |a Castro Mora, Deyner Martín, 1994- |9 243 | ||
| 245 | |a Análisis de escenarios de abastecimiento en el acueducto de Las Juntas de Abangares mediante un modelo hidráulico de la red de distribución | ||
| 260 | |a [San José], Costa Rica |c 2021. | ||
| 500 | |a Proyecto de graduación (licenciatura en ingeniería civil)--Universidad de Costa Rica. Facultad de Ingeniería. Escuela de Ingeniería Civil | ||
| 501 | |a Directora de Proyecto de Graduación: Paola Vidal Rivera | ||
| 610 | |x ACUEDUCTO DE LAS JUNTAS (ABANGARES, GUANACASTE, COSTA RICA) | ||
| 650 | |x CALIDAD DEL AGUA - LAS JUNTAS (ABANGARES, GUANACASTE, COSTA RICA) - EVALUACION |x SUMINISTRO DE AGUA - MEDICIONES - LAS JUNTAS (ABANGARES, GUANACASTE, COSTA RICA) |x INGENIERIA DE SUMINISTRO DE AGUA - TECNICAS DIGITALES | ||
| 700 | |9 2 |a Vidal Rivera, Paola Marcela 1979- |d Directora del TFG | ||
| 942 | |c CEDI | ||
| 999 | |c 13265 |d 13265 | ||
